|
|
|
|
| LEADER |
00000nam a2200000Ia 4500 |
| 008 |
180702b1991 cr ||||| |||| 00| | spa d |
| 999 |
|
|
|c 1969
|d 1969
|
| 090 |
|
|
|a 06.05.03
|b 316
|
| 100 |
|
|
|a Fonseca, Clotilde
|9 3897
|
| 245 |
1 |
0 |
|a Computadoras en la escuela pública costarricense : la puesta en marcha de una decisión
|
| 260 |
|
|
|a San José, Costa Rica :
|b Fundación Omar Dengo,
|c 1991
|
| 300 |
|
|
|a 148 páginas
|
| 650 |
1 |
4 |
|a ENSEÑANZA CON AYUDA DE COMPUTADORAS
|9 1115
|
| 650 |
1 |
4 |
|a INFORMÁTICA
|9 3406
|
| 650 |
1 |
4 |
|a SISTEMAS DE ENSEÑANZA
|9 401
|
| 650 |
1 |
4 |
|a POLÍTICA EDUCATIVA
|9 451
|
| 942 |
|
|
|i 00441 ,00352
|h 06.05.03 316
|2 z
|c 01
|